000 01362nam0a2200313 4500
001 RU\NLR\BIBL_A\012161056
005 20240710153020.0
010 _a978-5-8475-1213-8
_92500
021 _aRU
_bКН-П-19-084412
_9КН-П-19-6131
035 _a(NLR Aleph) 012161056
035 _a(RuMoRGB)010147360
090 _a12190328
_c12190328
100 _a20191211d2019 u y0rusy50 ca
101 1 _arus
_ceng
102 _aRU
105 _aac||z|||000ay
200 1 _aЖизнь и удивительные приключения морехода Робинзона Крузо
_e[роман]
_fДаниэль Дефо
_gиллюстрации Жана Гранвиля
_g[перевод с английского К. И. Чуковского]
210 _aМосква
_cМартин
_d2019 (макет 2020)
215 _a254, [1] с.
_cил., портр.
_d22
300 _aЗагл. обл.: Робинзон Крузо
333 _a12+
512 1 _aРобинзон Крузо
686 1 _aШ6(4Вл)457-440.4{Лх1295-50}
700 1 _7ca
_8rus
_aДефо
_bД.
_fок.1660-1731
_gДаниель
_9912
_3RU\NLR\AUTH\7717827
702 1 _4440
_7ca
_8rus
_aГранвиль
_bЖ. Ж.
_f1803-1847
_gЖан Жак
_961293
_3RU\NLR\AUTH\7778365
942 _cBOOK
980 _aNB